Ciudad (in)visible / (Record no. 1267)

MARC details
000 -LEADER
campo de control de longitud fija 01384nam a22003857a 4500
008 - DATOS DE LONGITUD FIJA--INFORMACIÓN GENERAL
campo de control de longitud fija 170902s2002 cr||||| |||| 00| 0 spa d
020 ## - NÚMERO INTERNACIONAL ESTÁNDAR DEL LIBRO
Número Internacional Estándar del Libro 9968899054
082 04 - NÚMERO DE LA CLASIFICACIÓN DECIMAL DEWEY
Número de clasificación 708
Número de ítem C581c
100 1# - ENTRADA PRINCIPAL--NOMBRE DE PERSONA
Nombre de persona Díaz, Tamara (curadora)
9 (RLIN) 2583
245 10 - MENCIÓN DEL TÍTULO
Título Ciudad (in)visible /
Mención de responsabilidad, etc. Adrián Arguedas, Ricardo Ávila, Carlos Capelán, Sila Chanto, Marco Chia, Habacuc, Federico Herrero, Roberto Lizano, Guillermo Murillo, Alejandro Ramírez, Omar Rivillas, Roberto Vargas, Ana de Vicente y Fabián Zuñiga ; TEOR/ética.
250 ## - MENCION DE EDICION
Mención de edición 1a edición.
260 ## - PUBLICACIÓN, DISTRIBUCIÓN, ETC.
Lugar de publicación, distribución, etc. San José, Costa Rica
Nombre del editor, distribuidor, etc. TEOR/éTica
Fecha de publicación, distribución, etc. 2002
300 ## - DESCRIPCIÓN FÍSICA
Extensión 24 p
Otras características físicas ill (col)
653 10 - TÉRMINO DE INDIZACIÓN--NO CONTROLADO
Término no controlado Arte contemporáneo
653 10 - TÉRMINO DE INDIZACIÓN--NO CONTROLADO
Término no controlado Urbanismo - Artes visuales
653 10 - TÉRMINO DE INDIZACIÓN--NO CONTROLADO
Término no controlado Arte - Costa Rica
653 10 - TÉRMINO DE INDIZACIÓN--NO CONTROLADO
Término no controlado Arte - San José
653 10 - TÉRMINO DE INDIZACIÓN--NO CONTROLADO
Término no controlado Artistas costarricenses
653 10 - TÉRMINO DE INDIZACIÓN--NO CONTROLADO
Término no controlado Fotografía
653 10 - TÉRMINO DE INDIZACIÓN--NO CONTROLADO
Término no controlado Pintura
653 10 - TÉRMINO DE INDIZACIÓN--NO CONTROLADO
Término no controlado Imaginario social - Ciudades
700 1# - ENTRADA AGREGADA--NOMBRE PERSONAL
Nombre de persona Ávila, Ricardo.
9 (RLIN) 5734
700 1# - ENTRADA AGREGADA--NOMBRE PERSONAL
Nombre de persona Capelán, Carlos.
9 (RLIN) 5943
700 1# - ENTRADA AGREGADA--NOMBRE PERSONAL
Nombre de persona Chanto, Sila.
9 (RLIN) 3621
700 1# - ENTRADA AGREGADA--NOMBRE PERSONAL
Nombre de persona Chia, Marco.
9 (RLIN) 5944
700 1# - ENTRADA AGREGADA--NOMBRE PERSONAL
Nombre de persona Habacuc.
9 (RLIN) 5945
700 1# - ENTRADA AGREGADA--NOMBRE PERSONAL
Nombre de persona Herrero, Federico.
9 (RLIN) 3626
700 1# - ENTRADA AGREGADA--NOMBRE PERSONAL
Nombre de persona Murillo, Guillermo.
9 (RLIN) 5946
700 1# - ENTRADA AGREGADA--NOMBRE PERSONAL
Nombre de persona Ramírez, Alejandro.
9 (RLIN) 3622
700 1# - ENTRADA AGREGADA--NOMBRE PERSONAL
Nombre de persona Rivillas, Omar.
9 (RLIN) 5947
700 1# - ENTRADA AGREGADA--NOMBRE PERSONAL
Nombre de persona Vargas, Roberto.
9 (RLIN) 3623
700 1# - ENTRADA AGREGADA--NOMBRE PERSONAL
Nombre de persona Vicente, Ana de.
9 (RLIN) 3627
700 1# - ENTRADA AGREGADA--NOMBRE PERSONAL
Nombre de persona Zuñiga, Fabián.
9 (RLIN) 5948
710 1# - ENTRADA AGREGADA--NOMBRE DE ENTIDAD CORPORATIVA
Nombre de entidad corporativa o nombre de jurisdicción como elemento de entrada TEOR/ética.
9 (RLIN) 5471
Holdings
Estatus retirado Estado de pérdida Fuente del sistema de clasificación o colocación Estado de daño No para préstamo Biblioteca de origen Biblioteca actual Ubicación en estantería Fecha de adquisición Total de préstamos Signatura topográfica completa Código de barras Visto por última vez Precio de reemplazo Tipo de ítem Koha
    Clasificación Decimal Dewey     Biblioteca LadoV Biblioteca LadoV   02/09/2017   708 C581c 004463 02/09/2017 02/09/2017 Material 01
    Clasificación Decimal Dewey     Biblioteca LadoV Biblioteca LadoV   21/09/2018   708 C581c 002281 21/09/2018 21/09/2018 Material 01